000 00343nam a2200133Ia 4500
008 100328s9999 xx 000 0 und d
082 _b39275
100 _aनेने माु-संपा.
245 _a66 कविता
260 _bकौशिक
630 _a66 कविता
730 _a66 कविता
942 _cBOOK
999 _c528255
_d528252